Mathematical methods in chemical engineering (Record no. 25039)

000 -LEADER
fixed length control field 00548nam a22002051 4500
001 - CONTROL NUMBER
control field 25039
003 - CONTROL NUMBER IDENTIFIER
control field BD-DhUET
008 - FIXED-LENGTH DATA ELEMENTS--GENERAL INFORMATION
fixed length control field 730313s1963 xx 000 0 eng
040 ## - CATALOGING SOURCE
Original cataloging agency DLC
Transcribing agency OClU
Modifying agency BD-DhUET
082 ## - DEWEY DECIMAL CLASSIFICATION NUMBER
Classification number 660.28
Item number JEN/1963
100 ## - MAIN ENTRY--PERSONAL NAME
Personal name Jenson, V. G.
245 10 - TITLE STATEMENT
Title Mathematical methods in chemical engineering
250 ## - EDITION STATEMENT
Edition statement 1st ed.
260 ## - PUBLICATION, DISTRIBUTION, ETC. (IMPRINT)
Place of publication, distribution, etc. London
Name of publisher, distributor, etc. Academic Press
Date of publication, distribution, etc. 1963
300 ## - PHYSICAL DESCRIPTION
Extent xi, 556 p.
Other physical details illus.
Dimensions 24cm.
504 ## - BIBLIOGRAPHY, ETC. NOTE
Bibliography, etc Includes bibliographies
650 #0 - SUBJECT ADDED ENTRY--TOPICAL TERM
Topical term or geographic name as entry element Chemical engineering
700 ## - ADDED ENTRY--PERSONAL NAME
Personal name Jeffreys, G. V.
942 ## - ADDED ENTRY ELEMENTS (KOHA)
Koha item type General Book
Holdings
Price effective from Koha normalized classification for sorting Shelving location Lost status Piece designation (barcode) Copy number Date acquired Not for loan Koha date last seen Source of classification or shelving scheme Withdrawn status Sublocation or collection (holding branch) Koha item type Location (home branch) Damaged status Koha full call number
2015-05-12660_280000000000000_JEN_1963Circulation section 2243812015-05-12 2015-05-12  Central Library, BUETGeneral BookCentral Library, BUET 660.28/JEN/1963
2015-05-12660_280000000000000_JEN_1963Circulation section 2244022015-05-12 2015-05-12  Central Library, BUETGeneral BookCentral Library, BUET 660.28/JEN/1963
2015-05-12660_280000000000000_JEN_1963Circulation section 2243432015-05-12 2015-05-12  Central Library, BUETGeneral BookCentral Library, BUET 660.28/JEN/1963
2015-05-18660_280000000000000_JEN_1963Circulation section 2243242015-05-18 2015-05-18  Central Library, BUETGeneral BookCentral Library, BUET 660.28/JEN/1963
2015-05-18660_280000000000000_JEN_1963Circulation section 2243552015-05-18 2015-05-18  Central Library, BUETGeneral BookCentral Library, BUET 660.28/JEN/1963
2015-05-18660_280000000000000_JEN_1963Circulation section 2945062015-05-18 2015-05-18  Central Library, BUETGeneral BookCentral Library, BUET 660.28/JEN/1963
2015-05-18660_280000000000000_JEN_1963Circulation section 2944972015-05-18 2015-05-18  Central Library, BUETGeneral BookCentral Library, BUET 660.28/JEN/1963
2015-05-18660_280000000000000_JEN_1963Circulation section 2944882015-05-18 2015-05-18  Central Library, BUETGeneral BookCentral Library, BUET 660.28/JEN/1963
2015-05-18660_280000000000000_JEN_1963Circulation section 2945792015-05-18 2015-05-18  Central Library, BUETGeneral BookCentral Library, BUET 660.28/JEN/1963
2015-05-18660_280000000000000_JEN_1963Circulation section 29454102015-05-18 2015-05-18  Central Library, BUETGeneral BookCentral Library, BUET 660.28/JEN/1963
2015-05-18660_280000000000000_JEN_1963Circulation section 29453112015-05-18 2015-05-18  Central Library, BUETGeneral BookCentral Library, BUET 660.28/JEN/1963
2015-05-18660_280000000000000_JEN_1963Circulation section 29451122015-05-18 2015-05-18  Central Library, BUETGeneral BookCentral Library, BUET 660.28/JEN/1963
2015-05-18660_280000000000000_JEN_1963Circulation section 22431132015-05-18 2015-05-18  Central Library, BUETGeneral BookCentral Library, BUET 660.28/JEN/1963
2015-05-18660_280000000000000_JEN_1963Circulation section 29452142015-05-18 2015-05-18  Central Library, BUETGeneral BookCentral Library, BUET 660.28/JEN/1963
2015-05-18660_280000000000000_JEN_1963Circulation section 22436152015-05-18 2015-05-18  Central Library, BUETGeneral BookCentral Library, BUET 660.28/JEN/1963
2015-06-17660_280000000000000_JEN_1963Reading section 29456162015-06-17 2015-06-17  Central Library, BUETReading ItemCentral Library, BUET 660.28/JEN/1963
2015-06-18660_280000000000000_JEN_1963Reading section 29455.172015-06-18 2015-06-18  Central Library, BUETReading ItemCentral Library, BUET 660.28/JEN/1963
2015-07-10660_280000000000000_JEN_1963Reading section 22439182015-07-10 2015-07-10  Central Library, BUETReading ItemCentral Library, BUET 660.28/JEN/1963